000 00310nam a22001337a 4500
008 170922b xxu||||| |||| 00| 0 eng d
020 _a9780813014203
041 _aeng
080 _a902
100 _a45
101 _aARK
245 _aFIFTY YEARS OF SOUTHEASTERN ARCHAEOLOGY
_cGRIFFIN,J,W
942 _2udc
_cBK
999 _c28940
_d28940